|
|
|
|
| LEADER |
00000nab a2200000 a 4500 |
| 001 |
vtls000756087 |
| 003 |
SK-MaSNL |
| 005 |
20260304234005.0 |
| 008 |
160405c2001 xo 0 slo |
| 015 |
|
|
|a SNBRB2001/05-15521
|
| 035 |
|
|
|a CLN000107874
|
| 040 |
|
|
|a SNKBUCL
|b slo
|c SNKBUCL
|e AACR2
|
| 041 |
0 |
|
|a slo
|
| 044 |
|
|
|a xo
|c SK
|
| 080 |
|
|
|a 616.982.2(667)
|2 1997
|
| 100 |
1 |
|
|a Maďar, Rastislav,
|d 1973-
|4 trl
|9 205008
|
| 245 |
1 |
0 |
|a Zvýšený výskyt burulského vredu v Ghane
|c R. Maďar, Š. Straka, T. Baška
|
| 500 |
|
|
|a Prevzaté z: ProMed-mail, marec 2000
|
| 650 |
0 |
7 |
|a vred burulský epidemiológia
|z Ghana
|2 snkbucl
|9 1570263
|
| 650 |
0 |
7 |
|a Mycobacterium ulcerans
|2 snkbucl
|9 1570264
|
| 650 |
0 |
7 |
|a vred
|x epidemiológia
|x prevencia a kontrola
|2 snkbucl
|9 1570265
|
| 650 |
0 |
7 |
|a Mycobacterium ulcerans
|x patogenita
|2 snkbucl
|9 1570266
|
| 651 |
|
7 |
|a Ghana
|2 snkbucl
|9 20698
|
| 655 |
|
7 |
|a články z novín a časopisov
|2 snkbucl
|9 267496
|
| 700 |
1 |
|
|a Straka, Štefan,
|d 1932-
|4 trl
|9 197191
|
| 700 |
1 |
|
|a Baška, Tibor,
|d 1969-
|4 trl
|9 188361
|
| 773 |
0 |
|
|x 1210-7913
|t Epidemiologie, mikrobiologie, imunologie
|g Roč. 50, č. 1 (2001), s. 9
|
| 850 |
|
|
|a Slovenská národná knižnica v Martine
|
| 852 |
|
|
|a SNK
|b KIS3GCP
|
| 958 |
|
|
|a MI
|
| 958 |
|
|
|a GH
|
| 958 |
|
|
|a RBX
|
| 999 |
|
|
|c 3201366
|d 3203296
|